| 000 | 00000nam##2200000za#4500 |
| 001 | 9.581413 |
| 003 | CaOODSP |
| 005 | 20210624191513 |
| 007 | cr ||||||||||| |
| 008 | 150406|2014||||xxc|||||o f|0| 0 eng|d |
| 022 | |a1919-5044 |
| 040 | |aCaOODSP|beng |
| 043 | |an-cn--- |
| 086 | 1 |aFs70-5/2014-102E-PDF |
| 110 | 1 |aCanada. |bDepartment of Fisheries and Oceans. |
| 245 | 10|aTransport and dispersal of sea lice bath therapeutants from salmon farm net-pens and well-boats operated in Southwest New Brunswick : |h[electronic resource]|ba mid-project perspective and perspective for discussion / |c[by] F.H. Page, B.D. Chang, M. Beattie, R. Losier, P. McCurdy, J. Bakker, K. Haughn, B. Thorpe, J. Fife, S. Scouten, G. Bartlett and B. Ernst. |
| 260 | |aOttawa - Ontario : |bFisheries and Oceans Canada |cDecember 2014. |
| 300 | |a68p.|bcoloured figs., references, tables |
| 490 | 1 |aCanadian Science Advisory Secretariat research document|x1919-5044|v2014/102, National Capital Region |
| 546 | |aText in English, abstracts in both languages. |
| 590 | |a15-03|b2015-01-16 |
| 830 | #0|aResearch document (Canadian Science Advisory Secretariat)|x1919-5044|v2014/102, National Capital Region|w(CaOODSP)9.507396 |
| 856 | 40|ahttp://publications.gc.ca|qPDF|s5.37 MB|uhttps://publications.gc.ca/collections/collection_2015/mpo-dfo/Fs70-5-2014-102-eng.pdf|y2014/102, National Capital Region |